Top Quince Producing Countries - Statistics

General Stats
  • This quiz has been taken 15 times
  • The average score is 7 of 10
Answer Stats
Production in metric tons Country % Correct
125,000 China
100%
135,406 Turkey
92%
36,500 Iran
85%
10,516 Algeria
77%
14,000 Spain
77%
46,000 Morocco
69%
27,500 Argentina
62%
27,140 Azerbaijan
38%
10,795 Serbia
31%
80,000 Uzbekistan
31%
No matching quizzes found
Score Distribution
Percent of People with Each Score
Percentile by Number Answered
Your Score History
You have not taken this quiz